000 01134nam0a2200313 4500
001 RU\NLR\bibl\106278
005 20250617085831.0
010 _a5-628-00043-4
_9100
035 _a(NLR Aleph) 000104006
090 _a588267
_c588267
100 _a20000904d2000 |||y0rusy50 ca
101 0 _arus
102 _aRU
105 _aa |||||||||
200 1 _aИсаак Барроу и его дифференциальные и интегральные методы (ХVII век)
_fА.А. Туякбаева
210 _aАлматы
_cFылым
_d2000
215 _a135 с., [2] л. факс.
_cил.
_d21
320 _aБиблиогр.: с. 130-134 (94 назв.)
600 1 _aБарроу
_bИ.
_f1630-1677
_gИсаак
_2psbo
600 1 _aБарроу
_bИ.
_f1630 - 1677
_gИсаак
_91094748
_3RU\NLR\auth\66110805
686 _aВ1д(4Вл)Барроу
700 1 _aТуякбаева
_bА. А.
_gАлма Ахметжановна
_4070
801 0 _aRU
_bNLR
_c20000904
_gPSBO
801 1 _aRU
_bNLR
_c20000904
830 _aАвт. по кн.
852 _aNLR
_j2000-3/8459
942 _cBOOK
980 _aNB